| Поле | Инд. | ПП | Название | Значение |
|---|---|---|---|---|
| Тип записи | a | |||
| Библиографический уровень | m | |||
| 001 | Контрольный номер | 6818f3ab-be38-45d4-84da-40a3f26328c0 | ||
| 005 | Дата корректировки | 20140226190453.9 | ||
| 008 | Кодируемые данные | 020319 | ||
| 040 | a | Служба первич. каталог. | НБ ТвГУ | |
| 041 | a | Код языка текста | rus | |
| 080 | a | Индекс УДК | 519.852 | |
| 084 | a | Индекс другой классификации/Индекс ББК | В183.41 | |
| 090 | x | Авторский знак | М91 | |
| a | Полочн. индекс | В183.4 | ||
| 100 | 1_ | a | Автор | Муртаф Брюс |
| 245 | 10 | a | Заглавие | Современное линейное программирование |
| b | Продолж. заглавия | Теория и практика | ||
| c | Ответственность | Б. Муртаф; Пер. с англ. Н. К. Буровой; Под ред. А.-И. А. Станевичюса | ||
| 260 | 0_ | a | Место издания | Москва |
| b | Издательство | Мир | ||
| c | Дата издания | 1984 | ||
| 300 | a | Объем | 224 с. | |
| b | Иллюстрации/ тип воспроизводства | ил. | ||
| 500 | a | Примечание | Перевод изд.: Advanced linear programming: computation and prctice /Bruce A. Murtagh (New York etc., 1981). | |
| 504 | a | Библиография | Библиогр.: с. 219-221. | |
| 650 | a | Основная рубрика | Программирование математическое | |
| 650 | a | Основная рубрика | Линейное программирование | |
| 653 | a | Ключевые слова | Линейное программирование | |
| 700 | 1_ | a | Другие авторы | Бурова Н. К. |
| e | Роль лиц | пер. | ||
| 700 | 1_ | a | Другие авторы | Станевичюс А.-И. А. |
| e | Роль лиц | ред. | ||
| 852 | t | Порядковый номер экземпляра | 2 | |
| p | Инвентарный номер | 550617 | ||
| p | Инвентарный номер | 550616 | ||
| 954 | a | Дата поступления на обработку | 20020319 | |
| 999 | a | Подразделение 2 | Фил3 |